Modele Forda - nagła śmierć - Statystyki

Ogólne statystyki
  • Ten quiz został rozwiązany 116 razy
  • Średni wynik to 7 z 12
Answers on the Grid
Answers color-coded by a green-red scale on the quiz's grid according to % correct below.
Puma
Kuga
Focus
Mondeo
Mustang
Galaxy
Explorer
Ranger
Bronco
Fusion
Fiesta
Escort
Sharan
Corvette
Durango
Roadster
Avenger
Carrera
Corolla
Forester
Indigo
Tucson
Lion's Coach
Recharge
Bentayga
Swift
Defender
Cobra
Aventador
Octavia
Jumper
Alpine
 
Statystyki odpowiedzi
Odpowiedź % Poprawnych
Focus
75%
Mondeo
74%
Fiesta
72%
Escort
71%
Mustang
68%
Kuga
61%
Fusion
57%
Puma
57%
Galaxy
53%
Explorer
38%
Bronco
36%
Ranger
32%
Nie znaleziono quizów pasujących do podanych kryteriów
Rozkład punktacji
Procent ludzi z każdym wynikiem
Percentyl według liczby udzielonych odpowiedzi
Twoja historia wyników
Nie rozwiązałeś tego quizu